El despertar de los pobladores : (Registro nro. 5738)
[ vista simple ]
| 000 -LEADER | |
|---|---|
| fixed length control field | 00974nam a2200217Ia 4500 |
| 003 - CONTROL NUMBER IDENTIFIER | |
| control field | OSt |
| 005 - DATE AND TIME OF LATEST TRANSACTION | |
| control field | 20200413112856.0 |
| 008 - FIXED-LENGTH DATA ELEMENTS--GENERAL INFORMATION | |
| fixed length control field | 191128s1983 ck a gr 000 0 spa d |
| 040 ## - CATALOGING SOURCE | |
| Original cataloging agency | CO-JMCR |
| Transcribing agency | CO-JMCR |
| 041 0# - LANGUAGE CODE | |
| Language code of text/sound track or separate title | spa |
| 082 04 - DEWEY DECIMAL CLASSIFICATION NUMBER | |
| Classification number | 301.6 / |
| Item number | G944d |
| 100 1# - MAIN ENTRY--PERSONAL NAME | |
| Personal name | Jacques Guibbert, Jean, |
| Relator term | autor |
| 9 (RLIN) | 2908 |
| 245 13 - TITLE STATEMENT | |
| Title | El despertar de los pobladores : |
| Remainder of title | documentos y testimonios sobre el desarrollo y la participación comunitaria en los barrios populares / |
| Statement of responsibility, etc. | Jean Jacques Guibbert ; traductora, Margarita Pacheco |
| 260 ## - PUBLICATION, DISTRIBUTION, ETC. | |
| Place of publication, distribution, etc. | Bogotá : |
| Name of publisher, distributor, etc. | ENDA, |
| Date of publication, distribution, etc. | 1983 |
| 300 ## - PHYSICAL DESCRIPTION | |
| Extent | 242 páginas : |
| Other physical details | ilustraciones en blanco y negro ; |
| Dimensions | 20 cm |
| 505 ## - FORMATTED CONTENTS NOTE | |
| Formatted contents note | Notas previas a la edición / M. Pacheco -- El despertar de los pobladores / J. Bugnicorurt -- Asia -- Bombay- India -- La colonia Janata Y el campamento Cheeta / S.H. Banshali |
| 650 14 - SUBJECT ADDED ENTRY--TOPICAL TERM | |
| Topical term or geographic name entry element | Partidos políticos |
| 9 (RLIN) | 2909 |
| 650 24 - SUBJECT ADDED ENTRY--TOPICAL TERM | |
| Topical term or geographic name entry element | Ideologías políticas |
| 9 (RLIN) | 1752 |
| 700 1# - ADDED ENTRY--PERSONAL NAME | |
| Personal name | Pacheco, Margarita, |
| Relator term | traductora |
| 9 (RLIN) | 2910 |
| 942 ## - ADDED ENTRY ELEMENTS (KOHA) | |
| Source of classification or shelving scheme | Dewey Decimal Classification |
| Koha item type | Books |
| Withdrawn status | Lost status | Source of classification or shelving scheme | Materials specified (bound volume or other part) | Damaged status | Not for loan | Home library | Current library | Shelving location | Date acquired | Source of acquisition | Cost, normal purchase price | Total Checkouts | Full call number | Barcode | Date last seen | Copy number | Price effective from | Koha item type |
|---|---|---|---|---|---|---|---|---|---|---|---|---|---|---|---|---|---|---|
| Dewey Decimal Classification | Donación--15/04/2018-- | Biblioteca Pública José María del Castillo y Rada | Biblioteca Pública José María del Castillo y Rada | General Stacks | 11/28/2019 | Donación | 0.00 | 301.6 / G944d | 430004086 | 05/16/2024 | Ej.1 | 11/28/2019 | Books |